| 000 | 01251cam a2200349 a 4500 | ||
|---|---|---|---|
| 001 | 1580873 | ||
| 003 | LC | ||
| 005 | 20160314111414.0 | ||
| 008 | 931029r19931970nyu 000 1 eng | ||
| 010 | _a 93043124 | ||
| 020 | _a0451183673 | ||
| 040 |
_aDLC _cDLC _dDLC |
||
| 050 | 0 | 0 |
_aPS 3563.O8749 _b.M878 1970 |
| 082 | 0 | 0 |
_aFIC _bM83b 1993 |
| 100 | 1 |
_aMorrison, Toni. _920396 |
|
| 245 | 1 | 4 |
_aThe bluest eye / _cToni Morrison ; with a new afterword by the author. |
| 250 | _a1st Knopf ed. | ||
| 260 |
_aLondon : _bA Signet Book, _bc1970. |
||
| 300 |
_a215 p. ; _c18 cm. |
||
| 562 | _e1 | ||
| 650 |
_aFiction. _9746 |
||
| 650 | _aAfrican Americans -- Ohio -- Fiction. | ||
| 650 | _aGirls -- Ohio -- Fiction. | ||
| 650 | _aOhio -- Fiction. | ||
| 856 | 4 | 2 |
_3Contributor biographical information _uhttp://www.loc.gov/catdir/bios/random057/93043124.html |
| 856 | 4 | 1 |
_3Sample text _uhttp://www.loc.gov/catdir/samples/random041/93043124.html |
| 856 | 4 | 2 |
_3Publisher description _uhttp://www.loc.gov/catdir/description/random041/93043124.html |
| 906 |
_a7 _bcbc _corignew _d1 _eocip _f19 _gy-gencatlg |
||
| 942 |
_2lcc _cBK |
||
| 999 |
_c11518 _d11518 |
||